000 00700nam a2200217 a 4500
001 BRCA_500
005 20190320203033.0
008 100408s2005----sp-a######---#000-0#spa-#
050 4 _aNK4210.S6
_b.A46 2005
100 1 _aAlonso, Alejandro G.
_91720
245 1 0 _aSosabravo
_blas tres dimensiones
_cpor Alejandro G. Alonso.
260 _aMadrid
_bARG
_c2005
300 _a222 p.
_bil. a color
_c30 cm.
500 _aIncluye cronología
504 _aBibliografía: p. 203-208
546 _aTexto en español e inglés
600 1 4 _aSosabravo, Alfredo
_d1930-
_xCrítica e interpretación
_91721
650 1 4 _aCerámica
_ySiglo XX
_zCuba
_91722
650 1 4 _aVidrio
_ySiglo XX
_zCuba
_91723
942 _2lcc
_cB
999 _c433
_d433